Komentár k novele zákona o daniach z príjmov

Komentár k novele zákona o daniach z príjmov, ktorá sa dotýka najdôležitejších zmien paušálnej dane a ďalšej zmeny, ktorá sa dotýka výdavkov na pracovné cesty, pri ktorých sa môžu uplatňovať tzv. paušálne náhrady.

Na minha lista:
Detalhes bibliográficos
Autor principal: Faiglová, Svetlana
Formato: Capítulo de Livro
Idioma:eslovaco
Assuntos:
Tags: Adicionar Tag
Sem tags, seja o primeiro a adicionar uma tag!

MARC

LEADER 00000naa a2200000 4500
001 r040677
005 20231003084304.5
041 0 |a slo 
044 |a SK 
245 1 0 |a Komentár k novele zákona o daniach z príjmov  |c Svetlana Faiglová 
520 |a Komentár k novele zákona o daniach z príjmov, ktorá sa dotýka najdôležitejších zmien paušálnej dane a ďalšej zmeny, ktorá sa dotýka výdavkov na pracovné cesty, pri ktorých sa môžu uplatňovať tzv. paušálne náhrady. 
610 2 0 |a dane z príjmov 
610 2 0 |a novelizácia 
610 2 0 |a komentáre 
610 2 0 |a dane paušálne 
100 1 |a Faiglová, Svetlana